| 000 | 00853nam a2200277 a 4500 | ||
|---|---|---|---|
| 005 | 20160317114300.0 | ||
| 008 | 140221b1996 io a gr|||| 00| 0 eng d | ||
| 020 | _a979876403X | ||
| 040 |
_aCO-BoIAVH _cCO-BoIAVH |
||
| 041 | _aeng | ||
| 082 | 4 |
_a333.750723 _bP89t |
|
| 100 | 1 | _aPrabhu, Ravi | |
| 245 | 1 | _aTesting criteria and indicators for the sustainable management of forests | |
| 260 |
_aJakarta _bCIFOR _c1996 |
||
| 300 |
_a217 paginas. _c28 x 22 cm. |
||
| 650 | 4 | _aIndicadores de sostenibilidad | |
| 650 | 4 | _aManejo forestal | |
| 650 | 4 | _aManejo sostenible | |
| 650 | 4 | _aRecursos forestales | |
| 700 | 1 | _aVenkateswarlu, P. | |
| 700 | 1 | _aColfer P., Carol J. | |
| 700 | 1 | _aCheng Tan, Lay | |
| 700 | 1 | _aSoekmadi, Rinekso | |
| 700 | 1 | _aWollenberg, Eva | |
| 942 |
_cLIBRO _2ddc |
||
| 999 |
_c777 _d777 |
||